Outlines of Bible study: (Record no. 3780)

000 -LEADER
fixed length control field 00638nam a2200181 a 4500
001 - CONTROL NUMBER
control field :::00001515$&:&@@
003 - CONTROL NUMBER IDENTIFIER
control field OkBaRHE
005 - DATE AND TIME OF LATEST TRANSACTION
control field 20000607103244.0
008 - FIXED-LENGTH DATA ELEMENTS--GENERAL INFORMATION
fixed length control field s1889 j 000 0 eng u
040 ## - CATALOGING SOURCE
Transcribing agency
100 1# - MAIN ENTRY--PERSONAL NAME
Personal name Steele, G. M. (George McKendree), 1823-1902.
245 10 - TITLE STATEMENT
Title Outlines of Bible study:
Remainder of title a four-years course for schools and colleges.
260 ## - PUBLICATION, DISTRIBUTION, ETC. (IMPRINT)
Place of publication, distribution, etc Chicago, IL., :
Name of publisher, distributor, etc Benj. H. Sanborn & Co.
Date of publication, distribution, etc c1889
300 ## - PHYSICAL DESCRIPTION
Extent 183 p. : illus. ;
Dimensions 23 cm.
650 ## - SUBJECT ADDED ENTRY--TOPICAL TERM
Topical term or geographic name as entry element Bible
General subdivision Study and Teaching
-- Text-books
942 ## - ADDED ENTRY ELEMENTS (KOHA)
Source of classification or shelving scheme
Koha item type Books
Copies
Date acquired Barcode Shelving location Koha item type Not for loan Full call number Damaged status Source of classification or shelving scheme Copy number Lost status Price effective from Date last seen Permanent Location Withdrawn status
2010-04-141515General StacksBooks BS 591 .S78  1 2010-04-142018-03-12RHEMA Bible Training College